British Towns and Cities by Clue - Statistics

General Stats
  • This quiz has been taken 17 times
  • The average score is 14 of 30
Answer Stats
Hint Answer % Correct
Home to a famous University Cambridge
100%
The worlds first professional football league was founded in this city Manchester
87%
Biggest city on the Gower Peninsula Swansea
87%
Twinned with Dresden following the devastating destruction both cities endured during World War II Coventry
80%
It is the original port from which the Mayflower set sail for the New World in 1620 Plymouth
80%
Where the Titanic set off from Southampton
80%
Home to the worlds longest Pleasure pier Southend
73%
Northernmost city in Britain Inverness
67%
Ireland's only remaining completely intact walled city Londonderry
67%
Famous for its unique grid-road system and abundance of green spaces Milton Keynes
67%
Smallest city in the Uk St Davids
67%
Home to the first University in Wales Aberystwyth
53%
is famously one of the only places in the UK that is not serviced by BT; its iconic, independent telephone boxes are painted cream instead of the traditional red. Hull
53%
holds the title of Britain's oldest recorded town Colchester
47%
Welcome to....... Wrexham
47%
has a 300-year history of confectionery manufacturing. Iconic treats like the KitKat, Aero, and Terry's Chocolate Orange all have roots in the city York
47%
Widely recognized as Britains first coastal resort town Scarborough
40%
St Lawrence Church in the town center is home to the oldest ring of five church bells in the world Ipswich
33%
Has a space center Leicester
33%
Famously home to one of only 4 copies of the Magna Carta in the world Lincoln
33%
29% of its residents are aged under 20 Bradford
27%
is home to the world-famous Warner Bros. Studio Tour London, where the iconic Harry Potter film series was produced Watford
27%
Widely seen as the religious capital of Ireland Armagh
20%
Nicknamed Little Scotland Corby
20%
Second largest town in Nottinghamshire Mansfield
20%
Charles Darwin was born in this town Shrewsbury
20%
was widely celebrated as the weaving capital of the world Blackburn
13%
In January 1915, the town was the target of the first aerial bombardment by a German Zeppelin in World War 1 Great Yarmouth
13%
One nicknamed Ironopolis due its booming steel and iron industry Middlesborough
13%
Prince Louis-Napoléon Bonaparte lived in exile between 1838 and 1839 Leamington Spa
7%
No matching quizzes found
Score Distribution
Percent of People with Each Score
Percentile by Number Answered
Your Score History
You have not taken this quiz